[Event "?"]
[Site "?"]
[Date "2004.03.31"]
[Round "10.31"]
[White "Nill, J."]
[Black "Fuchs, A."]
[Result "1-0"]
[WhiteElo "2246"]
[BlackElo "2099"]
[PlyCount "73"]
[EventDate "2004.03.21"]

1. d4 Nf6 2. Nf3 g6 3. c4 Bg7 4. Nc3 O-O 5. e4 c5 6. d5 d6 7. Be2 a6 8. O-O e5
9. a3 Nbd7 10. Ne1 Ne8 11. Be3 f5 12. exf5 gxf5 13. f4 Nef6 14. Nd3 Ne4 15.
fxe5 Nxc3 16. bxc3 Nxe5 17. Nf4 Ng6 18. Qd2 Be5 19. g3 Qa5 20. Rac1 Bd7 21. Bh5
Nxf4 22. Bxf4 Qd8 23. Rce1 Qf6 24. Rf3 Be8 25. Bg5 Qh8 26. Bxe8 Raxe8 27. Ref1
Rf7 28. Qd3 Qg7 29. Bd2 f4 30. Bxf4 Bxf4 31. Rxf4 Rfe7 32. R4f3 Re2 33. R1f2
Re1+ 34. Kg2 Qh6 35. Qf5 R1e3 36. Rf4 Qg6 37. Rg4 1-0

[Event "?"]
[Site "?"]
[Date "2004.03.31"]
[Round "10.32"]
[White "Bensdorp, M."]
[Black "Ciuksyte, D."]
[Result "1/2-1/2"]
[WhiteElo "2161"]
[BlackElo "2392"]
[PlyCount "69"]
[EventDate "2004.03.21"]

1. d4 Nf6 2. c4 e6 3. Nc3 Bb4 4. Qc2 O-O 5. a3 Bxc3+ 6. Qxc3 b6 7. Bg5 Bb7 8.
f3 d6 9. Nh3 Nbd7 10. e3 Rc8 11. Be2 h6 12. Bh4 c5 13. O-O Ne4 14. Qe1 Nef6 15.
dxc5 Rxc5 16. Bg3 Qe7 17. Qd2 Rc6 18. Rad1 e5 19. b4 Ne8 20. e4 Rc8 21. Rfe1
Qe6 22. Rc1 Ba6 23. Qd3 Ndf6 24. Bf2 Nc7 25. Red1 Rfd8 26. Qd2 Nce8 27. b5 Bb7
28. Be3 Nd7 29. Nf2 Nc5 30. Qc2 a6 31. a4 Qe7 32. Nd3 a5 33. Nf2 Nc7 34. Rd2
N7e6 35. Bf1 1/2-1/2

[Event "?"]
[Site "?"]
[Date "2004.03.31"]
[Round "10.33"]
[White "Lopatin, O."]
[Black "Levushkina, E."]
[Result "0-1"]
[WhiteElo "2116"]
[BlackElo "2303"]
[PlyCount "112"]
[EventDate "2004.03.21"]

1. e4 e5 2. d4 exd4 3. Qxd4 Nc6 4. Qe3 Nf6 5. Nc3 Bb4 6. Bd2 O-O 7. O-O-O Re8
8. f3 d6 9. Be1 Be6 10. Nge2 Ne5 11. Nf4 Bc5 12. Qd2 Bd7 13. Kb1 b5 14. Nxb5
Rb8 15. Nd4 Bb4 16. c3 Bc5 17. Rc1 a5 18. Nb3 Bb6 19. Bf2 a4 20. Na1 a3 21. b3
Bxf2 22. Qxf2 d5 23. g4 dxe4 24. Nc2 exf3 25. Nxa3 Nfxg4 26. Qd4 Qe7 27. Nc2
Bf5 28. h3 Nf6 29. Rh2 c5 30. Qg1 c4 31. Kb2 Ra8 32. Nb4 Qc7 33. Rd2 Qa5 34. a4
cxb3 35. Ra1 Red8 36. Rxd8+ Rxd8 37. Qg5 Bg6 38. h4 h6 39. Qg1 Rd2+ 40. Kxb3 f2
41. Qg3 Ne4 42. Qe3 Nc5+ 43. Qxc5 Qxc5 44. Nxg6 fxg6 45. a5 Nc6 46. a6 Na5+ 47.
Ka4 Qxc3 48. Rb1 Nc6 49. Kb5 Nxb4 50. Rxb4 Rd5+ 51. Ka4 Qa1+ 52. Kb3 Qxf1 53.
a7 Qd1+ 54. Kc3 Qd2+ 55. Kb3 Qxb4+ 56. Kxb4 Rd8 0-1

[Event "?"]
[Site "?"]
[Date "2004.03.31"]
[Round "10.34"]
[White "Vogel, H."]
[Black "Smokina, K."]
[Result "0-1"]
[WhiteElo "2152"]
[BlackElo "2278"]
[PlyCount "56"]
[EventDate "2004.03.21"]

1. d4 Nf6 2. Nf3 g6 3. Nc3 c5 4. dxc5 Qa5 5. e4 Nxe4 6. Qd4 Nf6 7. b4 Qd8 8.
Bc4 Nc6 9. Qf4 Bg7 10. O-O O-O 11. Bb2 Nh5 12. Qc1 Nxb4 13. Ne4 Nf6 14. Nxf6+
exf6 15. Bc3 Nc6 16. Qb2 Qe7 17. Rfe1 Qxc5 18. Qb3 d6 19. Re8 Rxe8 20. Bxf7+
Kh8 21. Bxe8 Bg4 22. Bxc6 bxc6 23. Re1 Bxf3 24. Qf7 Qd5 25. Re8+ Rxe8 26. Qxe8+
Qg8 27. Qe7 Bd5 28. Qxa7 f5 0-1

[Event "?"]
[Site "?"]
[Date "2004.03.31"]
[Round "10.35"]
[White "Seps, M."]
[Black "Papadopoulou, V."]
[Result "0-1"]
[WhiteElo "2078"]
[BlackElo "2247"]
[PlyCount "90"]
[EventDate "2004.03.21"]

1. e4 c5 2. Nf3 d6 3. d4 cxd4 4. Nxd4 Nf6 5. Nc3 a6 6. Bg5 e6 7. f4 Nc6 8. e5
h6 9. Bh4 dxe5 10. Nxc6 Qxd1+ 11. Rxd1 bxc6 12. fxe5 Nd5 13. Ne4 Bd7 14. Rd2
Rb8 15. c3 a5 16. Be2 Ne3 17. Bg3 c5 18. Kf2 Nf5 19. Bf4 Bc6 20. Bf3 Bxe4 21.
Bxe4 Be7 22. Bc6+ Kf8 23. Rhd1 g5 24. Be3 g4 25. Re2 Kg7 26. Rd7 Rhd8 27. Ra7
Nxe3 28. Kxe3 Bg5+ 29. Ke4 Rd2 30. Rxd2 Bxd2 31. Rxa5 Rxb2 32. a4 Bxc3 33. Rxc5
Be1 34. Kd3 Rd2+ 35. Kc4 Bf2 36. Kc3 Bxc5 37. Kxd2 Bd4 38. a5 Bxe5 39. a6 Bd4
40. Kd3 Bg1 41. Ke4 f5+ 42. Ke5 Kf7 43. g3 Bxh2 44. Kf4 Bg1 45. Bb5 Kf6 0-1

[Event "?"]
[Site "?"]
[Date "2004.03.31"]
[Round "10.36"]
[White "Partac, E."]
[Black "Dimovski, A."]
[Result "1-0"]
[WhiteElo "2230"]
[BlackElo "2111"]
[PlyCount "105"]
[EventDate "2004.03.21"]

1. e4 e5 2. Nf3 Nc6 3. Nc3 Bb4 4. Bc4 Nf6 5. O-O O-O 6. Re1 Bxc3 7. dxc3 h6 8.
h3 d6 9. Qe2 Be6 10. Bd2 Ne7 11. Rad1 Ng6 12. Bc1 Qe8 13. Nh2 Qc6 14. Bb5 Qb6
15. Bd3 a6 16. Qf3 Nh7 17. Ng4 Qc6 18. Qg3 h5 19. Ne3 h4 20. Qf3 Nf4 21. Nd5
Ng5 22. Ne7+ Kh8 23. Qxf4 exf4 24. Nxc6 bxc6 25. Bxf4 f6 26. Bh2 Bg8 27. f4 Ne6
28. f5 Nc5 29. Rf1 Na4 30. b3 Nxc3 31. Rde1 Nxa2 32. Rf4 Bf7 33. Rxh4+ Kg8 34.
Bf1 a5 35. Re3 Nb4 36. Rg3 Nxc2 37. Rhg4 Rfb8 38. Rxg7+ Kf8 39. h4 Nb4 40. Rh7
Bg8 41. Rxc7 Bf7 42. Rh3 Rd8 43. h5 Na6 44. Rxc6 Nc5 45. Bxd6+ Rxd6 46. Rxd6
Nxe4 47. Rb6 Ng5 48. Rh4 Nh7 49. Bc4 Bxc4 50. Rxc4 Ra7 51. h6 Rd7 52. Rg4 Rc7
53. Rb8+ 1-0

[Event "?"]
[Site "?"]
[Date "2004.03.31"]
[Round "10.37"]
[White "Mamedjarova, T."]
[Black "Shmirina, G."]
[Result "1/2-1/2"]
[WhiteElo "2229"]
[BlackElo "2120"]
[PlyCount "109"]
[EventDate "2004.03.21"]

1. d4 d5 2. Nf3 Nf6 3. Bf4 Bf5 4. e3 e6 5. Ne5 Nbd7 6. Bd3 Bxd3 7. cxd3 c6 8.
O-O Be7 9. Nc3 O-O 10. Rb1 c5 11. dxc5 Nxe5 12. Bxe5 Bxc5 13. d4 Be7 14. Qd3
Ng4 15. Bg3 Bd6 16. f3 Bxg3 17. hxg3 Nh6 18. Kf2 Qg5 19. Rh1 f5 20. Ne2 Rac8
21. Rbc1 Nf7 22. Rxc8 Rxc8 23. Rc1 Rxc1 24. Nxc1 h5 25. Qb5 Qe7 26. Nd3 h4 27.
gxh4 Qxh4+ 28. Ke2 Qe7 29. Nf4 Nd6 30. Qc5 b6 31. Qc6 Kf7 32. Nd3 g5 33. b3 Kg7
34. Ne5 Nf7 35. Nd3 Kf6 36. f4 g4 37. b4 Nd6 38. Ne5 Ne4 39. Qc8 Kg7 40. Nc6
Qh4 41. Qd7+ Kf8 42. Kd3 Qe1 43. Qe7+ Kg8 44. Qxe6+ Kg7 45. Qe5+ Kg6 46. Qe8+
Kg7 47. Qe7+ Kg8 48. Qe6+ Kg7 49. Qe5+ Kg6 50. Qe8+ Kg7 51. Qd7+ Kh8 52. Qc8+
Kg7 53. Qd7+ Kh8 54. Qd8+ Kg7 55. Qe7+ 1/2-1/2

[Event "?"]
[Site "?"]
[Date "2004.03.31"]
[Round "10.38"]
[White "Topel, Z."]
[Black "Roessler, U."]
[Result "0-1"]
[WhiteElo "2056"]
[BlackElo "2221"]
[PlyCount "110"]
[EventDate "2004.03.21"]

1. d4 Nf6 2. c4 g6 3. Nc3 Bg7 4. e4 d6 5. f3 O-O 6. Be3 Nc6 7. Nge2 a6 8. Qd2
Rb8 9. Rc1 Bd7 10. Ng3 e5 11. d5 Nd4 12. Bxd4 exd4 13. Nce2 c5 14. dxc6 bxc6
15. Nxd4 Qb6 16. Nb3 Be6 17. Bd3 Nd7 18. Rc2 Ne5 19. Ke2 c5 20. Rd1 Nc6 21.
Rcc1 a5 22. Rb1 Qb4 23. Qxb4 Rxb4 24. Rd2 Rfb8 25. Kd1 a4 26. Nc1 Bxb2 27. Bf1
Bd4 28. Rxb4 Rxb4 29. Rc2 Na5 30. Nge2 Bxc4 31. a3 Rb1 32. Nc3 Ra1 33. Bxc4
Nxc4 34. N3a2 Nxa3 35. Rd2 Rb1 36. Ke2 Nb5 37. Kd3 Kf8 38. Kc4 Be3 39. Rd3 Bxc1
40. Nxc1 Rb4+ 41. Kd5 a3 42. g4 Rb1 43. Na2 Rb2 44. Kc4 Rxa2 45. Kxb5 Rb2+ 46.
Ka4 a2 47. Ra3 Rxh2 48. Kb5 Rb2+ 49. Kc4 Rf2 50. e5 dxe5 51. Kxc5 h5 52. gxh5
gxh5 53. Kd5 h4 54. f4 h3 55. f5 h2 0-1

[Event "?"]
[Site "?"]
[Date "2004.03.31"]
[Round "10.39"]
[White "Melnikova, Y."]
[Black "Meissner, C."]
[Result "1-0"]
[WhiteElo "2171"]
[BlackElo "2146"]
[PlyCount "71"]
[EventDate "2004.03.21"]

1. e4 c5 2. Nf3 d6 3. d4 cxd4 4. Nxd4 Nf6 5. Nc3 a6 6. Be3 e5 7. Nb3 Be6 8. f3
Be7 9. Qd2 O-O 10. O-O-O Qc7 11. g4 Rc8 12. g5 Nh5 13. Kb1 b5 14. Nd5 Bxd5 15.
exd5 Nd7 16. Bh3 Nf4 17. Bxf4 exf4 18. Rde1 a5 19. Nd4 Qb7 20. Nf5 Re8 21. Nh6+
Kf8 22. Nxf7 Ne5 23. Nxe5 dxe5 24. d6 Bd8 25. d7 Re7 26. Qd3 g6 27. Rd1 Ra6 28.
Bg4 h5 29. gxh6 Rh7 30. Qc3 Qb8 31. Qc8 Rb6 32. Rd6 Rxh6 33. Re6 Kg7 34. Re8
Rh8 35. Re1 Bf6 36. Rxh8 1-0

[Event "?"]
[Site "?"]
[Date "2004.03.31"]
[Round "10.40"]
[White "Hamelink, D."]
[Black "Krivec, J."]
[Result "1/2-1/2"]
[WhiteElo "2185"]
[BlackElo "2301"]
[PlyCount "96"]
[EventDate "2004.03.21"]

1. e4 e5 2. Nf3 Nc6 3. Nc3 Nf6 4. d4 exd4 5. Nxd4 Bb4 6. Nxc6 bxc6 7. Bd3 d6 8.
O-O Ng4 9. h3 Ne5 10. f4 Nxd3 11. cxd3 O-O 12. f5 Qf6 13. d4 Re8 14. Rf4 Bxc3
15. bxc3 c5 16. Rg4 h6 17. dxc5 dxc5 18. Rb1 Ba6 19. Bb2 Rab8 20. Qc2 h5 21.
Rg3 Qd6 22. Re3 Red8 23. c4 Qd2 24. Re2 Qxc2 25. Rxc2 Rd4 26. Rbc1 Rxe4 27. f6
gxf6 28. Bxf6 Rb6 29. Bd8 Rb4 30. Bxc7 Rexc4 31. Rxc4 Rxc4 32. Rxc4 Bxc4 33.
Bd6 Bxa2 34. Bxc5 a5 35. Kf2 Kh7 36. h4 Kg6 37. Ke3 Kf5 38. g3 a4 39. Kd2 Ke5
40. Kc3 f5 41. Ba7 Bb1 42. Bb8+ Ke4 43. Kb4 Bc2 44. Bf4 Kd3 45. Ka3 Bb3 46. Bb8
Kc2 47. Bc7 Kb1 48. Bb8 Kc2 1/2-1/2

[Event "?"]
[Site "?"]
[Date "2004.03.31"]
[Round "10.42"]
[White "Tsiganova, M."]
[Black "Apanaviciute, K."]
[Result "1-0"]
[WhiteElo "2269"]
[BlackElo "2041"]
[PlyCount "85"]
[EventDate "2004.03.21"]

1. d4 Nf6 2. c4 e6 3. Nf3 Bb4+ 4. Nbd2 O-O 5. e3 c5 6. Bd3 d5 7. O-O cxd4 8.
exd4 dxc4 9. Nxc4 Nc6 10. Nce5 Bd6 11. Re1 Qc7 12. Bf4 Nb4 13. Rc1 Qe7 14. Bb1
Nbd5 15. Bg3 Bd7 16. Ng5 Bb4 17. Qd3 Bxe1 18. Nxh7 Bb5 19. Nxf6+ Nxf6 20. Qxb5
Qb4 21. Qe2 Bd2 22. Rd1 Bh6 23. Bh4 Rad8 24. Qd3 g5 25. Ng4 Kg7 26. Nxh6 gxh4
27. Ng4 Rh8 28. Qe3 Rd5 29. Nxf6 Kxf6 30. Be4 Rdd8 31. Qf4+ Ke7 32. d5 Qd6 33.
Qg5+ Kf8 34. h3 e5 35. Rc1 Qe7 36. Qe3 a6 37. Rc4 Rg8 38. Qh6+ Ke8 39. Bf3 Qg5
40. Qb6 Qf5 41. Bg4 Qd3 42. Rc7 Qxd5 43. Qf6 1-0

[Event "?"]
[Site "?"]
[Date "2004.03.31"]
[Round "10.43"]
[White "Hitzgerova, G."]
[Black "Ozturk, K."]
[Result "1-0"]
[WhiteElo "2190"]
[BlackElo "1957"]
[PlyCount "121"]
[EventDate "2004.03.21"]

1. e4 e5 2. Nf3 Nc6 3. Bb5 a6 4. Ba4 Nf6 5. O-O Be7 6. Bxc6 dxc6 7. d3 Bg4 8.
h3 Bxf3 9. Qxf3 O-O 10. Nc3 Qd6 11. Be3 c5 12. Ne2 Nd7 13. Ng3 g6 14. Qg4 Nf6
15. Qe2 h5 16. f4 h4 17. Nh1 Nh5 18. f5 Kh7 19. Qg4 Rg8 20. Kh2 Rg7 21. Bg5
Bxg5 22. Qxg5 Qf6 23. Qxf6 Nxf6 24. fxg6+ Kxg6 25. Rf5 Nd7 26. Nf2 Re8 27. Ng4
Re6 28. Raf1 f6 29. R1f3 Rf7 30. g3 Rh7 31. gxh4 Rxh4 32. Kg3 Rh7 33. h4 b5 34.
Rf2 c4 35. dxc4 bxc4 36. c3 Rd6 37. Rh2 Rd3+ 38. Rf3 Nc5 39. Rxd3 cxd3 40. Kf3
Ne6 41. h5+ Kf7 42. h6 Nf4 43. Ke3 Kg6 44. b4 c6 45. a4 Kg5 46. Nf2 d2 47. Kxd2
Rxh6 48. Rxh6 Kxh6 49. Ng4+ Kg5 50. Ne3 Ne6 51. Nf5 Kf4 52. Kd3 Kf3 53. Nd6 a5
54. Kc4 axb4 55. cxb4 Ke3 56. a5 Nc7 57. Kc5 Na6+ 58. Kxc6 Nxb4+ 59. Kb5 Nc2
60. a6 Nd4+ 61. Kb6 1-0

[Event "?"]
[Site "?"]
[Date "2004.03.31"]
[Round "10.44"]
[White "Chilingirova, P."]
[Black "Jiretorn, E."]
[Result "0-1"]
[WhiteElo "2201"]
[BlackElo "2154"]
[PlyCount "114"]
[EventDate "2004.03.21"]

1. c4 c5 2. Nc3 Nc6 3. g3 g6 4. Bg2 Bg7 5. a3 a5 6. e3 e5 7. Nge2 Nge7 8. Nb5
d6 9. d4 O-O 10. dxc5 dxc5 11. Qxd8 Rxd8 12. Nec3 Rb8 13. Nd5 f5 14. e4 Nxd5
15. cxd5 Nd4 16. Nxd4 exd4 17. Bf4 Ra8 18. e5 Re8 19. O-O g5 20. Bxg5 Bxe5 21.
Rfe1 Bd7 22. f4 Bd6 23. Bf6 d3 24. Re3 c4 25. Rxe8+ Bxe8 26. Re1 Bd7 27. Bf3 b5
28. Be5 Bc5+ 29. Kf1 Ra6 30. Rc1 Be3 31. Re1 Bc5 32. Rc1 Be3 33. Re1 Bc5 34. h3
b4 35. axb4 Bxb4 36. g4 a4 37. d6 Ra5 38. Rc1 d2 39. Rd1 Kf8 40. Bc3 Bxc3 41.
bxc3 a3 42. Ke2 Ra6 43. Kxd2 Rxd6+ 44. Kc1 Rd3 45. Rxd3 cxd3 46. c4 d2+ 47. Kb1
Ba4 48. Ka2 fxg4 49. Bxg4 d1=Q 50. Bxd1 Bxd1 51. f5 Bc2 52. Kxa3 Kf7 53. Kb4
Kf6 54. Kc3 Ba4 55. Kd4 Kxf5 56. Kd3 Bc6 57. c5 Ba8 0-1

[Event "?"]
[Site "?"]
[Date "2004.03.31"]
[Round "10.45"]
[White "Cavusoglu, Y."]
[Black "Andersson, C."]
[Result "0-1"]
[WhiteElo "2013"]
[BlackElo "2196"]
[PlyCount "110"]
[EventDate "2004.03.21"]

1. d4 d5 2. Nf3 c6 3. c3 g6 4. Bf4 Nf6 5. h3 Bg7 6. e3 O-O 7. Be2 Bf5 8. O-O
Ne4 9. Nbd2 Nxd2 10. Qxd2 Nd7 11. Bd3 Bxd3 12. Qxd3 Nf6 13. Nd2 Re8 14. Be5 Nd7
15. Bxg7 Kxg7 16. Rfe1 e5 17. e4 dxe4 18. Nxe4 exd4 19. Qxd4+ Nf6 20. Qb4 a5
21. Qa4 Rxe4 22. Rxe4 Nxe4 23. Qxe4 Qd2 24. Qe5+ Kg8 25. c4 Rd8 26. Re1 a4 27.
Qe2 Qxe2 28. Rxe2 Rd1+ 29. Kh2 Kf8 30. Rc2 Ke7 31. Kg3 Kd6 32. Kf3 Kc5 33. Ke3
Ra1 34. a3 Rd1 35. Rc3 b6 36. Rd3 Re1+ 37. Kd2 Re4 38. Rf3 f5 39. b4+ Kxc4 40.
Rc3+ Kd5 41. Rc1 h5 42. Rc3 f4 43. Rc1 g5 44. Rc3 Rc4 45. f3 Rxc3 46. Kxc3 Ke5
47. Kc4 Kf5 48. Kd4 g4 49. hxg4+ hxg4 50. Kc4 Kg5 51. Kd4 gxf3 52. gxf3 Kh4 53.
Ke5 Kg3 54. Ke4 b5 55. Kd4 Kxf3 0-1

[Event "?"]
[Site "?"]
[Date "2004.03.31"]
[Round "10.46"]
[White "Lauterbach, I."]
[Black "Winnicki, A."]
[Result "1-0"]
[WhiteElo "2171"]
[BlackElo "2013"]
[PlyCount "92"]
[EventDate "2004.03.21"]

1. c4 c5 2. Nc3 b6 3. e3 Bb7 4. Nf3 e6 5. d4 cxd4 6. exd4 Nf6 7. Be2 d5 8. O-O
dxc4 9. Qa4+ Nbd7 10. Qxc4 Rc8 11. Qa4 a6 12. Be3 Bd6 13. d5 b5 14. Qd1 Nxd5
15. Nxd5 Bxd5 16. a4 Rb8 17. axb5 axb5 18. Nd4 Qh4 19. g3 Qh3 20. Bf3 Nf6 21.
Bxd5 Nxd5 22. Qf3 O-O 23. Nc6 Rbc8 24. Na7 Nxe3 25. Qxe3 Bc5 26. Qf3 Bxa7 27.
Rxa7 Rc5 28. Rd1 g6 29. Rb7 Kg7 30. Qe2 Qf5 31. b4 Rc2 32. Qe3 Rc4 33. Kg2 Re4
34. Qd3 Re5 35. Qxf5 Rxf5 36. h3 h5 37. Rd4 Rc8 38. g4 hxg4 39. hxg4 Rd5 40.
Rxd5 exd5 41. Rxb5 Rd8 42. Kf3 Rd7 43. Ke3 Kf6 44. Kd4 Ke6 45. Rb6+ Ke7 46. g5
Rd6 1-0

[Event "?"]
[Site "?"]
[Date "2004.03.31"]
[Round "10.47"]
[White "Roelli, C."]
[Black "Karahaliou, E."]
[Result "1/2-1/2"]
[WhiteElo "2020"]
[BlackElo "2132"]
[PlyCount "118"]
[EventDate "2004.03.21"]

1. d4 Nf6 2. c4 e6 3. Nf3 c5 4. d5 exd5 5. cxd5 d6 6. Nc3 g6 7. e4 Bg7 8. Bd3
O-O 9. O-O Re8 10. Bg5 h6 11. Bh4 g5 12. Bg3 Nh5 13. Nd2 Nxg3 14. hxg3 Na6 15.
Qh5 Qf6 16. Nc4 Nc7 17. a4 Bd7 18. f4 Qd4+ 19. Kh2 f5 20. Nxd6 Rf8 21. Rad1 Qb4
22. fxg5 hxg5 23. exf5 Rf6 24. Qxg5 Rh6+ 25. Kg1 Rxd6 26. f6 Rxf6 27. Rxf6 Qd4+
28. Rf2 Qg4 29. Qxg4 Bxg4 30. Be2 Bd7 31. Kh2 a6 32. Bc4 Kh7 33. Rf7 Rd8 34. g4
b5 35. Bd3+ Kg8 36. Rdf1 Bxg4 37. axb5 axb5 38. Nxb5 Nxb5 39. Bxb5 Be5+ 40. Kh1
Bxb2 41. Bc4 Rd6 42. g3 Rh6+ 43. Kg1 Bd4+ 44. R1f2 Rd6 45. Kg2 Bxf2 46. Rxf2
Kg7 47. Ra2 Kf6 48. Ra5 Ke5 49. Rxc5 Rf6 50. Rc6 Bf3+ 51. Kg1 Rxc6 52. dxc6
Bxc6 53. Kf2 Kf5 54. Be2 Kg5 55. Ke3 Bd7 56. Bf3 Be6 57. Ke4 Bf5+ 58. Ke5 Bg4
59. Bxg4 Kxg4 1/2-1/2

[Event "?"]
[Site "?"]
[Date "2004.03.31"]
[Round "10.48"]
[White "Acar, G."]
[Black "Skibbe, D."]
[Result "0-1"]
[WhiteElo "1888"]
[BlackElo "2094"]
[PlyCount "108"]
[EventDate "2004.03.21"]

1. Nf3 Nf6 2. g3 g6 3. Bg2 Bg7 4. O-O O-O 5. d3 d5 6. Nbd2 c5 7. e4 d4 8. Qe2
Nc6 9. Nb3 Nd7 10. Nfd2 e5 11. f4 b6 12. f5 Nb4 13. Nf3 Qc7 14. a3 Nc6 15. g4
f6 16. h4 Bb7 17. Bh3 Ne7 18. Nh2 Rac8 19. g5 gxf5 20. exf5 Qc6 21. Qf3 Qxf3
22. Nxf3 c4 23. dxc4 Rxc4 24. Ne1 Be4 25. Nd2 Bd5 26. Nxc4 Bxc4 27. Rf2 e4 28.
Rf4 Bd5 29. c4 dxc3 30. bxc3 fxg5 31. f6 gxf4 32. fxg7 Kxg7 33. Bxd7 Ng6 34.
Bb2 Bc4 35. Bc6 f3 36. Kf2 e3+ 37. Kxe3 f2 38. Nf3 f1=Q 39. Rxf1 Bxf1 40. c4+
Kh6 41. Bd5 Bg2 42. Nd4 Nxh4 43. Ne6 Re8 44. Kf4 Bh3 45. Ng5 Ng6+ 46. Kg3 Kxg5
47. Bc1+ Kf5 48. Kxh3 Nf4+ 49. Bxf4 Kxf4 50. a4 a5 51. Kh4 Re5 52. Bg8 h6 53.
Bf7 Ke3 54. Bd5 Kd4 0-1

[Event "?"]
[Site "?"]
[Date "2004.03.31"]
[Round "10.49"]
[White "Grossmann, S."]
[Black "Cinar, N."]
[Result "1-0"]
[WhiteElo "1977"]
[BlackElo "2092"]
[PlyCount "73"]
[EventDate "2004.03.21"]

1. e4 e5 2. Nf3 Nc6 3. Bc4 Nf6 4. d4 exd4 5. e5 d5 6. Bb5 Ne4 7. Nxd4 Bc5 8.
Be3 Bd7 9. Bxc6 bxc6 10. O-O Bb6 11. f3 Ng5 12. f4 Ne4 13. c3 Qe7 14. Nd2 Nxd2
15. Qxd2 O-O 16. Rae1 f5 17. Rf3 c5 18. Nc2 Bc6 19. Rh3 Rad8 20. Bf2 Qe6 21.
Rd1 Bb7 22. Qe2 Rd7 23. Kh1 Rfd8 24. Bh4 Re8 25. Bf2 d4 26. cxd4 Qd5 27. Ne3
Qe4 28. dxc5 Rxd1+ 29. Qxd1 Bxc5 30. Rg3 Bb6 31. Qd7 Qb1+ 32. Bg1 g6 33. Qxe8+
Kg7 34. Qe7+ Kg8 35. Qe6+ Kf8 36. Qf6+ Ke8 37. e6 1-0

[Event "?"]
[Site "?"]
[Date "2004.03.31"]
[Round "10.50"]
[White "Bakalarz, G."]
[Black "Von Herman, B."]
[Result "1-0"]
[WhiteElo "2082"]
[BlackElo "2066"]
[PlyCount "108"]
[EventDate "2004.03.21"]

1. d4 d5 2. Nf3 Nf6 3. Bg5 c5 4. Bxf6 gxf6 5. c3 Qb6 6. Qb3 Nc6 7. Nbd2 Qxb3 8.
Nxb3 cxd4 9. Nfxd4 a6 10. g3 e5 11. Nxc6 bxc6 12. Bg2 a5 13. a4 Be6 14. O-O Be7
15. f4 O-O 16. f5 Bd7 17. Nc1 Rab8 18. Rb1 Bc5+ 19. Kh1 e4 20. Na2 Rb3 21. c4
Rfb8 22. cxd5 cxd5 23. Nc3 Bc6 24. Rbd1 Rxb2 25. Nxd5 Rxe2 26. Nxf6+ Kh8 27.
Nh5 Ra2 28. Rfe1 h6 29. Bxe4 Bxa4 30. Ra1 Rxa1 31. Rxa1 Rb4 32. Bf3 Bd4 33. Rc1
Bd7 34. g4 a4 35. Bd5 Bb6 36. Nf6 Be3 37. Rc7 Bd4 38. Nxd7 Rb1+ 39. Kg2 Rb2+
40. Kf3 a3 41. Rc8+ Kg7 42. Rf8 a2 43. Rxf7+ Kh8 44. Rf8+ Kh7 45. f6 Rf2+ 46.
Kg3 Bxf6 47. Nxf6+ Rxf6 48. Ra8 Rd6 49. Ra7+ Kg6 50. Be4+ Kf6 51. Rxa2 Rb6 52.
Rf2+ Kg7 53. Rf5 Rb2 54. h3 Rb3+ 1-0

[Event "?"]
[Site "?"]
[Date "2004.03.31"]
[Round "10.52"]
[White "Hielscher, U."]
[Black "Hafenstein, A."]
[Result "0-1"]
[WhiteElo "1974"]
[BlackElo "2051"]
[PlyCount "92"]
[EventDate "2004.03.21"]

1. d4 Nf6 2. c4 c5 3. d5 e6 4. Nc3 exd5 5. cxd5 d6 6. e4 g6 7. f3 Bg7 8. Bf4 a6
9. Qa4+ Bd7 10. Bb5 O-O 11. Bxd6 Bxb5 12. Nxb5 axb5 13. Qxa8 Qxd6 14. Qxb7 b4
15. Rc1 Nfd7 16. Rc2 Qf4 17. Qb5 Bxb2 18. Ne2 Qe5 19. O-O Bd4+ 20. Nxd4 Qxd4+
21. Kh1 f5 22. Qc4 Qf6 23. Re1 Ne5 24. Qe2 Nbd7 25. f4 Ng4 26. exf5 gxf5 27.
Qe6+ Rf7 28. Qxf6 Ngxf6 29. d6 Ne4 30. Rd1 Rf6 31. g3 Kf8 32. Kg2 Rxd6 33. Rxd6
Nxd6 34. Rd2 Ke7 35. Re2+ Kf6 36. Rd2 Ke6 37. Re2+ Kd5 38. Re7 Nf6 39. Re5+ Kd4
40. Kf3 Nfe4 41. Re7 c4 42. Rxh7 c3 43. Ke2 c2 44. Rc7 Nc4 45. Rd7+ Kc3 46.
Rd3+ Kb2 0-1

[Event "?"]
[Site "?"]
[Date "2004.04.01"]
[Round "11.2"]
[White "Slavina, I."]
[Black "Foisor, C."]
[Result "1/2-1/2"]
[WhiteElo "2413"]
[BlackElo "2404"]
[PlyCount "39"]
[EventDate "2004.03.21"]

1. d4 g6 2. c4 Bg7 3. Nf3 d6 4. g3 Nd7 5. Bg2 e5 6. Nc3 Ne7 7. O-O O-O 8. e4
exd4 9. Nxd4 a6 10. b3 Rb8 11. Bb2 Ne5 12. f4 c5 13. Nde2 N5c6 14. Qd2 Nd4 15.
Nxd4 Bxd4+ 16. Kh1 b5 17. cxb5 axb5 18. b4 Bg7 19. a3 Nc6 20. Ne2 1/2-1/2

[Event "?"]
[Site "?"]
[Date "2004.04.01"]
[Round "11.3"]
[White "Zhukova, N."]
[Black "Stefanova, A."]
[Result "1/2-1/2"]
[WhiteElo "2462"]
[BlackElo "2478"]
[PlyCount "98"]
[EventDate "2004.03.21"]

1. d4 d5 2. c4 c6 3. Nc3 Nf6 4. e3 a6 5. Qc2 e6 6. Bd2 Nbd7 7. Nf3 Be7 8. g4
Bb4 9. g5 Bxc3 10. Bxc3 Ne4 11. Rg1 b5 12. c5 a5 13. a3 f5 14. b4 O-O 15. Bd3
Qe8 16. O-O-O Qh5 17. Ne5 Nxe5 18. dxe5 Qxh2 19. Bxe4 fxe4 20. f4 Qxc2+ 21.
Kxc2 a4 22. Rh1 Bd7 23. Rh4 Be8 24. Rdh1 Bg6 25. Kd2 Kf7 26. Ke2 Bf5 27. Kf2
Ke7 28. Kg3 Rf7 29. Rh5 Rg8 30. Kf2 Rd8 31. Bd4 Bg6 32. R5h4 Rdf8 33. Rg1 Bf5
34. Bc3 Rd8 35. Bd4 Rg8 36. Bc3 Bg6 37. Bd4 Rf5 38. Bc3 Rh8 39. Bd4 Rff8 40.
Bc3 Bf5 41. Rgh1 Kf7 42. Bd4 Rfg8 43. Bc3 Kg6 44. Rg1 Kf7 45. Rgh1 Ke7 46. Bd4
Rf8 47. Bc3 Rhg8 48. Rg1 Rh8 49. Rgh1 Rhg8 1/2-1/2

[Event "?"]
[Site "?"]
[Date "2004.04.01"]
[Round "11.4"]
[White "Houska, J."]
[Black "Kosintseva, T."]
[Result "0-1"]
[WhiteElo "2370"]
[BlackElo "2447"]
[PlyCount "144"]
[EventDate "2004.03.21"]

1. e4 c5 2. Nc3 Nc6 3. g3 g6 4. Bg2 Bg7 5. d3 d6 6. Be3 b6 7. Qd2 Bb7 8. Nge2
Qd7 9. O-O Nd4 10. a4 Nxe2+ 11. Qxe2 Nf6 12. h3 O-O 13. Rad1 e5 14. Qd2 d5 15.
exd5 Nxd5 16. Nxd5 Bxd5 17. Bxd5 Qxd5 18. b3 Rfe8 19. Bh6 Bh8 20. Rfe1 Rad8 21.
Kh2 f6 22. h4 Re6 23. Re2 Rdd6 24. Rde1 Qf3 25. Be3 a5 26. Qc3 g5 27. Qc4 gxh4
28. gxh4 f5 29. Rg1+ Kf7 30. Qa6 Qxe2 31. Qb7+ Re7 32. Qb8 Rg6 33. Rxg6 hxg6
34. Qxh8 Qh5 35. Qxh5 gxh5 36. Bg5 Rd7 37. Kg2 Ke6 38. Kf3 Rd4 39. Ke3 e4 40.
dxe4 Rxe4+ 41. Kd3 Rd4+ 42. Kc3 Kd5 43. f3 c4 44. f4 cxb3 45. cxb3 Ke4 46. Bf6
Rd6 47. Bg5 Rc6+ 48. Kb2 Kd3 49. Bd8 Rd6 50. Bc7 Rg6 51. Bd8 Rc6 52. Be7 Rc2+
53. Ka3 Ke4 54. Bd8 Rc6 55. Bg5 Rd6 56. Kb2 Kd3 57. Be7 Re6 58. Bd8 Kd2 59. Bc7
Rg6 60. Bd8 Rc6 61. Ka3 Kc2 62. Ka2 Rd6 63. Bc7 Rg6 64. Bd8 Rc6 65. Ka3 Rc3 66.
Ka2 Rxb3 67. Bc7 b5 68. axb5 Rxb5 69. Ka3 Kd3 70. Ka4 Rd5 71. Bb8 Ke3 72. Be5
Kf3 0-1

[Event "?"]
[Site "?"]
[Date "2004.04.01"]
[Round "11.6"]
[White "Dzagnidze, N."]
[Black "Socko, M."]
[Result "1-0"]
[WhiteElo "2457"]
[BlackElo "2415"]
[PlyCount "137"]
[EventDate "2004.03.21"]

1. Nf3 Nf6 2. g3 g6 3. b3 Bg7 4. Bb2 d6 5. d4 O-O 6. Bg2 Nbd7 7. O-O e5 8. dxe5
Ng4 9. c4 Ngxe5 10. Nxe5 dxe5 11. Nc3 Kh8 12. Qc2 f5 13. Rad1 c6 14. Ba3 Re8
15. e4 Qf6 16. Bh3 Nf8 17. exf5 gxf5 18. Rfe1 Be6 19. Na4 f4 20. Bg2 f3 21. Bf1
Bf5 22. Qc1 Ne6 23. Nc5 Nxc5 24. Bxc5 b6 25. Be3 c5 26. Rd5 Qg6 27. Red1 Qh5
28. Rd6 Bh3 29. Bh6 Bxf1 30. Bxg7+ Kxg7 31. Kxf1 Re7 32. h4 Rf8 33. Qe3 Qf5 34.
Ke1 Kg8 35. Kd2 Rg7 36. Rd5 Re8 37. Kc1 Qf6 38. Rd6 Qf5 39. Rd8 Rge7 40. R8d5
Qf6 41. Qe4 Qh6+ 42. R1d2 Qf6 43. R2d3 Rf7 44. Re3 Ref8 45. Qxe5 Qg6 46. Qg5
Kg7 47. Kd2 Rc8 48. Qxg6+ hxg6 49. Re6 Kh7 50. Ke3 Rcf8 51. Rdd6 Rg7 52. Rd5
Rgf7 53. Rde5 Kg7 54. Re7 Kh6 55. R7e6 Kh7 56. h5 gxh5 57. Rxh5+ Kg7 58. Rg5+
Kh7 59. Re4 Kh6 60. Rgg4 Rd8 61. Rh4+ Kg7 62. Reg4+ Kf8 63. Rh8+ Ke7 64. Re4+
Kd7 65. Rxd8+ Kxd8 66. g4 Rd7 67. Kxf3 Rd1 68. g5 Ra1 69. g6 1-0

[Event "?"]
[Site "?"]
[Date "2004.04.01"]
[Round "11.7"]
[White "Zielinska, M."]
[Black "Cramling, P."]
[Result "1/2-1/2"]
[WhiteElo "2414"]
[BlackElo "2488"]
[PlyCount "79"]
[EventDate "2004.03.21"]

1. b3 d5 2. Bb2 Bg4 3. g3 c6 4. Bg2 Nd7 5. Nf3 e6 6. O-O h5 7. h3 Bxf3 8. Bxf3
Ngf6 9. h4 e5 10. c4 e4 11. Bg2 Bc5 12. d4 Bd6 13. Ba3 Nf8 14. Qc1 Ne6 15. Rd1
Ng4 16. Bxd6 Qxd6 17. Qa3 Qxa3 18. Nxa3 f5 19. Nc2 Rd8 20. f3 Nf6 21. Bh3 g6
22. Kf2 Ke7 23. a4 Rhf8 24. f4 c5 25. e3 Rc8 26. Bf1 Rfd8 27. Be2 Rc7 28. Ke1
Rcd7 29. b4 cxd4 30. Nxd4 Nxd4 31. Rxd4 dxc4 32. Rxc4 Nd5 33. Ra3 Rc7 34. Rxc7+
Nxc7 35. Bc4 Rc8 36. Kd2 Rd8+ 37. Ke2 Rc8 38. Kd2 Rd8+ 39. Ke2 Rc8 40. Kd2
1/2-1/2